Human relationship skills : training and self-help

Bibliographic Details
Main Author: Nelson-Jones, Richard (Author)
Format: Book
Language:English
Published: London : Cassel 1986
Subjects:

MARC

LEADER 00000cam a2200000 7i4500
001 0000002715
005 20240925.0
008 991201 enk eng
020 |a 0304313815 
040 |a INS   |b eng   |e rda 
090 0 0 |a HM132   |b .N44 1986 
100 1 |a Nelson-Jones, Richard ,   |e author 
245 1 0 |a Human relationship skills :   |b training and self-help   |c Richard Nelson-Jones 
264 1 |a London :   |b Cassel   |c 1986 
264 4 |c ©1986 
300 |a xiii, 274 pages ;   |c 22 cm. 
336 |a text  |2 rdacontent 
337 |a unmediated  |2 rdamedia 
338 |a volume  |2 rdacarrier 
504 |a Includes bibliographical references and index 
650 0 |a Interpersonal relations 
999 |a 0000003691   |b BOOK   |c Open Shelf   |e Default branch